El licenciado vidriera y otras novelas ejemplares

Salvato in:
Dettagli Bibliografici
Autore principale: Cervantes Saavedra, Miguel de
Natura: Libro
Lingua:Spanish
Pubblicazione: España Salvat 1971
Soggetti:
Tags: Aggiungi Tag
Nessun Tag, puoi essere il primo ad aggiungerne!!

MARC

LEADER 00000nam a2200000Ia 4500
008 170316s9999 xx 000 0 spa d
040 |a cru BVZT 
090 |a 862 C-37Li 
100 |a Cervantes Saavedra, Miguel de 
245 |a El licenciado vidriera y otras novelas ejemplares 
260 |a España 
260 |b Salvat 
260 |c 1971 
300 |a 190 páginas 
650 |a LITERATURA ESPAÑOLA 
942 |c 15 D 
999 |c 9709  |d 9709